Quality improvement in primary care: the essential guide (Record no. 32562)
[ view plain ]
| 000 -LEADER | |
|---|---|
| fixed length control field | 00703nam a2200169 a 4500 |
| 008 - FIXED-LENGTH DATA ELEMENTS--GENERAL INFORMATION | |
| fixed length control field | 160215s2014 ||||||||||||||||| || u |
| 020 ## - INTERNATIONAL STANDARD BOOK NUMBER | |
| International Standard Book Number | 9781846197680 |
| 050 ## - LIBRARY OF CONGRESS CALL NUMBER | |
| Classification number | RA 3991.A1 GIL |
| 100 ## - MAIN ENTRY--PERSONAL NAME | |
| Personal name | Gillam, Stephen |
| 245 10 - TITLE STATEMENT | |
| Title | Quality improvement in primary care: the essential guide |
| Statement of responsibility, etc. | By Stephen Gillam and A Niroshan Siriwardena |
| 260 ## - PUBLICATION, DISTRIBUTION, ETC. | |
| Place of publication, distribution, etc. | London |
| Name of publisher, distributor, etc. | Radcliffe Publishing Ltd |
| Date of publication, distribution, etc. | 2014 |
| 300 ## - PHYSICAL DESCRIPTION | |
| Extent | vii, 159p.:ill. |
| 350 ## - | |
| -- | 47.95 |
| 650 ## - SUBJECT ADDED ENTRY--TOPICAL TERM | |
| Topical term or geographic name entry element | MEDICAL CARE |
| 650 ## - SUBJECT ADDED ENTRY--TOPICAL TERM | |
| Topical term or geographic name entry element | MEDICAL CARE -- QUALITY CONTROL |
| 995 ## - | |
| -- | MICHAEL CHILUFYA SATA OPEN ACCESS |
| -- | 903528 |
| -- | CBU-SCHOOL OF MEDICINE LIBRARY (Ndola) |
| -- | 47.95 |
| -- | RA 3991.A1 GIL |
| -- | 1 |
| -- | AVAILABLE |
| -- | Feb 15, 2016 |
| -- | 903528 |
| -- | Medical Library Open Access Collection |
| 999 ## - | |
| -- | 32562 |
| -- | 32562 |
| Withdrawn status | Lost status | Source of classification or shelving scheme | Damaged status | Not for loan | Permanent Location | Current Location | Shelving location | Date acquired | Total Checkouts | Full call number | Barcode | Date last seen | Price effective from | Koha item type |
|---|---|---|---|---|---|---|---|---|---|---|---|---|---|---|
| CBU-SCHOOL OF MEDICINE LIBRARY, NDOLA. | CBU-SCHOOL OF MEDICINE LIBRARY, NDOLA. | 11/30/2022 | RA 3991.A1 GIL | 903528 | 11/30/2022 | 11/30/2022 | MONOGRAPH |